000 00660nam a2200277Ia 4500
005 20260324134451.0
008 008 260324s9999 xx 000 0 eng d
020 _a9781315188010
037 _aEBOOK
040 _aCRL
040 _beng
040 _cCRL
041 _2eng
041 _aeng
084 _qCRL
100 _aWayne B Gray
_91196926
245 0 _aEconomic Costs and Consequences of Environmental Regulation
260 _bTaylor and Francis
260 _c2002
365 _a
365 _b255
856 _uhttp://www.taylorfrancis.com/books/9781315188010
942 _cEBOOK
999 _c1797062
_d1797062